书目信息 |
| 题名: |
CATIA V5R21应用速成标准教程
|
|
| 作者: | 成伟业 编著 | |
| 分册: | ||
| 出版信息: | 北京 电子工业出版社 2014.08 |
|
| 页数: | XI, 311页 | |
| 开本: | 26cm | |
| 丛书名: | 全国职业技能CATIA认证指导用书 | |
| 单 册: | ||
| 中图分类: | TH122 | |
| 科图分类: | ||
| 主题词: | 机械设计--ji xie she ji--计算机辅助设计--应用软件--职业技能--资格认证--自学参考资料 | |
| 电子资源: | ||
| ISBN: | 978-7-121-23497-2 | |
| 000 | 01092nam 2200277 450 | |
| 001 | CAL 0120141357855 | |
| 005 | 20150825155234.82 | |
| 010 | @a978-7-121-23497-2@dCNY49.90 (含光盘) | |
| 010 | @a978-7-89432-910-3@b光盘 | |
| 100 | @a20140818d2014 em y0chiy50 ea | |
| 101 | 0 | @achi |
| 102 | @aCN@b110000 | |
| 105 | @aa z 000yy | |
| 106 | @ar | |
| 200 | 1 | @aCATIA V5R21应用速成标准教程@ACATIA V5R21 ying yong su cheng biao zhun jiao cheng@f成伟业编著 |
| 210 | @a北京@c电子工业出版社@d2014.08 | |
| 215 | @aXI, 311页@c图@d26cm@e光盘2片 | |
| 225 | 2 | @a全国职业技能CATIA认证指导用书@Aquan guo zhi ye ji neng CATIA ren zheng zhi dao yong shu |
| 330 | @a本书共11章, 内容包括CATIA V5R21基础、二维草图的设计、零件设计、装配设计、划工程图设计、钣金设计、曲面设计、运动仿真与分析等。 | |
| 410 | 0 | @12001 @a全国职业技能CATIA认证指导用书 |
| 586 | @a | |
| 606 | 0 | @a机械设计@Aji xie she ji@x计算机辅助设计@x应用软件@x职业技能@x资格认证@j自学参考资料 |
| 690 | @aTH122@v5 | |
| 701 | 0 | @a成伟业@Acheng wei ye@4编著 |
| 801 | 0 | @aCN@c20150820 |
| 905 | @a河南城建学院图书馆@dTH122@eC7212@f3 | |
| CATIA V5R21应用速成标准教程/成伟业编著.-北京:电子工业出版社,2014.08 |
| XI, 311页:图;26cm+光盘2片.-(全国职业技能CATIA认证指导用书) |
| ISBN 978-7-121-23497-2:CNY49.90 (含光盘) |
| 本书共11章, 内容包括CATIA V5R21基础、二维草图的设计、零件设计、装配设计、划工程图设计、钣金设计、曲面设计、运动仿真与分析等。 |
| ● |
| 相关链接 |
|
|
|
正题名:CATIA V5R21应用速成标准教程
索取号:TH122/C7212
 
预约/预借
| 序号 | 登录号 | 条形码 | 馆藏地/架位号 | 状态 | 备注 |
| 1 | 1224071 | 212240715 | 自科库501/501自科库 32排4列2层/ [索取号:TH122/C7212] | 在馆 | |
| 2 | 1224072 | 212240724 | 自科库501/501自科库 32排4列2层/ [索取号:TH122/C7212] | 在馆 | |
| 3 | 1224073 | 212240733 | 期刊室512/501自科库 32排4列2层/ [索取号:TH122/C7212] | 在馆 |